000 00611nam a2200217 a 4500
005 20210219152759.0
008 991125n cul 000 0 spa u
035 _aUPN01000060967
049 _aAcervo histórico
245 0 0 _aLETRAS DE SINALOA
260 _aCuliacán, Sinaloa, México
_bTribuna de la Juventud
362 0 _a1947 1 (4,5)
362 0 _a1948 2 (7,9)
362 0 _a1949 3 (11,12,13,14,15)
362 0 _a1950 4 (17,18,19,20,21,22)
362 0 _a1951 5 (23,28)
362 0 _a1952 6 (31,32)
362 0 _a1953 7 (34,35,36,37,38)
362 0 _a1954 8 (41,42,44,45,46)
905 _aRevista
999 _c60659
_d60659